书目信息 |
| 题名: |
中国战略性新兴产业研究与发展
|
|
| 作者: | 韩文科 主编 | |
| 分册: | 生物质能 | |
| 出版信息: | 北京 机械工业出版社 2013 |
|
| 页数: | 18,223页 | |
| 开本: | 24cm | |
| 丛书名: | ||
| 单 册: | ||
| 中图分类: | F269.2 , F426.2 | |
| 科图分类: | ||
| 主题词: | 新兴产业--产业发展--研究--中国 , 生物能源--能源工业--研究--中国 , 新兴产业 , 产业发展 , 生物能源 , 能源工业 | |
| 电子资源: | ||
| ISBN: | 978-7-111-41450-6 | |
| 000 | 01381nam0 22003371 450 | |
| 001 | 523 | |
| 005 | 20140908165238.60 | |
| 010 | @a978-7-111-41450-6@dCNY140.00 | |
| 100 | @a20130527d2013 em y0chiy50 ea | |
| 101 | 0 | @achi |
| 102 | @aCN@b110000 | |
| 105 | @aa z 000yy | |
| 106 | @ar | |
| 200 | 1 | @a中国战略性新兴产业研究与发展@AZhong Guo Zhan Lue Xing Xin Xing Chan Ye Yan Jiu Yu Fa Zhan@i生物质能@ISheng Wu Zhi Neng@dR&D of China's strategic new industries@iBiomass energy@f韩文科主编@FHan Wen Ke Zhu Bian@zeng |
| 210 | @a北京@c机械工业出版社@d2013 | |
| 215 | @a18,223页@c图@d24cm | |
| 300 | @a国家出版基金项目 | |
| 304 | @a国家发展和改革委员会能源研究所组编 | |
| 330 | @a本书分为上、下两篇,共8章。上篇(第1-4章)为生物质能产业概述,较为全面和系统地介绍了生物质能开发和利用的产业现状。下篇(第5-8章)为生物质能产业指导,通过进一步分析生物质能产业发展中应当重点关注和考虑的因素,为致力于生物质能行业研究或发展的人士提供参考。 | |
| 510 | 1 | @aR&D of China's strategic new industries@iBiomass energy@zeng |
| 606 | 0 | @a新兴产业@x产业发展@x研究@y中国 |
| 606 | 0 | @a生物能源@x能源工业@x研究@y中国 |
| 606 | 0 | @a新兴产业 |
| 606 | 0 | @a产业发展 |
| 606 | 0 | @a生物能源 |
| 606 | 0 | @a能源工业 |
| 690 | @aF269.2@v5 | |
| 690 | @aF426.2@v5 | |
| 701 | 0 | @a韩文科@AHan Wen Ke@f(1955~)@4主编 |
| 801 | 0 | @aCN@bTANGWEI@c20140603 |
| 905 | @b0836595-97@dF269.2@e214@f3 | |
| 中国战略性新兴产业研究与发展.生物质能=R&D of China's strategic new industries.Biomass energy/韩文科主编.-北京:机械工业出版社,2013 |
| 18,223页:图;24cm |
| 国家出版基金项目 |
| ISBN 978-7-111-41450-6:CNY140.00 |
| 本书分为上、下两篇,共8章。上篇(第1-4章)为生物质能产业概述,较为全面和系统地介绍了生物质能开发和利用的产业现状。下篇(第5-8章)为生物质能产业指导,通过进一步分析生物质能产业发展中应当重点关注和考虑的因素,为致力于生物质能行业研究或发展的人士提供参考。 |
| ● |
| 相关链接 |
|
|
|
|
正题名:中国战略性新兴产业研究与发展
索取号:F269.2/214
 
预约/预借
| 序号 | 登录号 | 条形码 | 馆藏地/架位号 | 状态 | 备注 |
| 1 | 0836595 | 208365954 | 第一样本阅览室/ [索取号:F269.2/214] | 在馆 | |
| 2 | 0836596 | 208365963 | 第一借阅区/ [索取号:F269.2/214] | 在馆 | |
| 3 | 0836597 | 208365972 | 经管系资料室/ [索取号:F269.2/214] | 在馆 |